Ludzie sportretowani przez Andy’ego Warhola - Statystyki

Ogólne statystyki
  • Ten quiz został rozwiązany 1 076 razy
  • Średni wynik to 8 z 19
Statystyki odpowiedzi
Obrazkowy Odpowiedź % Poprawnych
Michael Jackson
94%
Mao Zedong
92%
Marilyn Monroe
84%
John Lennon
82%
Diana
75%
Elvis Presley
75%
Muhammad Ali
71%
Prince
47%
Richard Nixon
44%
Mick Jagger
29%
John Wayne
26%
Andy Warhol
25%
Dolly Parton
17%
Jacqueline Kennedy Onasis
17%
Liza Minnelli
17%
Debbie Harry
13%
Ingrid Bergman
8%
Farrah Fawcett
6%
Lucille Ball
6%
Nie znaleziono quizów pasujących do podanych kryteriów
Rozkład punktacji
Procent ludzi z każdym wynikiem
Percentyl według liczby udzielonych odpowiedzi
Twoja historia wyników
Nie rozwiązałeś tego quizu